The new directions anthology of classical Chinese poetry / (Record no. 817)

000 -LEADER
fixed length control field 00771cam a22002174a 4500
001 - CONTROL NUMBER
control field 13048822
003 - CONTROL NUMBER IDENTIFIER
control field OSt
005 - DATE AND TIME OF LATEST TRANSACTION
control field 20140116120838.0
008 - FIXED-LENGTH DATA ELEMENTS--GENERAL INFORMATION
fixed length control field 030106s2003 nyu b 000 0 eng
020 ## - INTERNATIONAL STANDARD BOOK NUMBER
International Standard Book Number 9780811216050
050 00 - LIBRARY OF CONGRESS CALL NUMBER
Classification number PL2658.E3N46 2003
245 04 - TITLE STATEMENT
Title The new directions anthology of classical Chinese poetry /
Statement of responsibility, etc edited by Eliot Weinberger ; translations by William Carlos Williams ... [et al.].
260 ## - PUBLICATION, DISTRIBUTION, ETC. (IMPRINT)
Place of publication, distribution, etc New York, NY :
Name of publisher, distributor, etc New Directions Pub. Corp.,
Date of publication, distribution, etc 2003.
300 ## - PHYSICAL DESCRIPTION
Extent xxvii, 242 p.
504 ## - BIBLIOGRAPHY, ETC. NOTE
Bibliography, etc Includes bibliographical references.
650 #0 - SUBJECT ADDED ENTRY--TOPICAL TERM
Topical term or geographic name as entry element Chinese poetry
Form subdivision Translations into English.
650 #0 - SUBJECT ADDED ENTRY--TOPICAL TERM
Topical term or geographic name as entry element Chinese poetry
General subdivision History and criticism.
700 1# - ADDED ENTRY--PERSONAL NAME
Personal name Weinberger, Eliot.
700 1# - ADDED ENTRY--PERSONAL NAME
Personal name Williams, William Carlos,
Dates associated with a name 1883-1963.
942 ## - ADDED ENTRY ELEMENTS (KOHA)
Source of classification or shelving scheme
Koha item type Book
Holdings
Withdrawn status Lost status Source of classification or shelving scheme Damaged status Not for loan Home library Current library Date acquired Source of acquisition Total Checkouts Full call number Barcode Date last seen Date checked out Copy number Price effective from Koha item type
          Riara University Library Riara University Library 15/11/2011 Purchase 3 PL2658.E3N46 2003 3103/11 26/07/2023 30/06/2023 C.1 15/11/2011 Book
          Riara University Library Riara University Library 15/11/2011 Purchase   PL2658.E3N46 2003 3104/11 15/11/2011   C.2 15/11/2011 Book
          Riara University Library Riara University Library 15/11/2011 Purchase 1 PL2658.E3N46 2003 3105/11 05/10/2018 20/09/2018 C.3 15/11/2011 Book

Riara University Library,
P.O. Box 49940-00100,
Nairobi, Kenya.